00641nam a2200241 a 4500001001300000003000900013005001700022008004100039020001000080082001500090100001700105245002300122260003000145300000900175500003500184505001000219650001600229700001700245902000800262942000700270952010700277999001500384nice12345678IN_TiNIC20260116011615.0050524s1961 lona grp 000 0 eng  ac30000a297.4bARB aArberry, A J aDiscourses of Rumi aLondonbJohn Murrayc1961 a276p aincludes index and biblioraphy2 aIndex aSufism-Rumi1 aArberry, A J bSRS cBK 00104070aHMIbHMId2009-03-13g300.00l1o297.4 ARBp03225r2018-08-20s2018-08-14w2026-01-16yEB c2853d2853